000
00280nam a22001337a 4500
008
170721b xxu||||| |||| 00| 0 eng d
020
_a
9781568301198
041
_a
eng
080
_a
004
100
_a
29
101
_a
SHKI
245
_a
ADOBE PREMIERE
_c
ADOBE
942
_2
udc
_c
BK
999
_c
21767
_d
21767